[Event "XI MFSz PERLA BALTYKU"]
[Site "Lazy"]
[Date "2015.06.28"]
[Round "1.1"]
[White "Tomczak, Jacek"]
[Black "Baumann, Dariusz"]
[Result "1-0"]
[WhiteElo "2579"]
[BlackElo "2108"]
[PlyCount "99"]
[EventDate "2015.??.??"]

1. e4 e6 2. d4 d5 3. Nc3 Bb4 4. e5 c5 5. a3 Bxc3+ 6. bxc3 Qa5 7. Bd2 Qa4 8. h4
Nc6 9. h5 h6 10. Nf3 c4 11. Rh4 Bd7 12. Rf4 f5 13. g4 Nge7 14. Nh4 fxg4 15. Be3
O-O-O 16. Kd2 Nf5 17. Ng6 Rhe8 18. Qxg4 Nce7 19. Bh3 Qb5 20. Qg1 Nxg6 21. Qxg6
Re7 22. Bxf5 exf5 23. Qd6 Rde8 24. a4 Qc6 25. Qxc6+ bxc6 26. Ke2 Be6 27. Bc1
Rb7 28. Ba3 Kd7 29. Rg1 Rg8 30. Ke3 Ke8 31. Rf3 a6 32. Rfg3 Kf7 33. Rg6 Rb6 34.
a5 Rb5 35. Bb4 Rb7 36. Kf4 Bd7 37. R1g3 Ra7 38. Rd6 Re8 39. Rgg6 Re6 40. Rgxe6
Bxe6 41. Rxc6 Bd7 42. Rd6 Be6 43. Bc5 Ra8 44. f3 Rb8 45. Rxa6 Rb7 46. Ra8 g5+
47. hxg6+ Kxg6 48. a6 Rb2 49. a7 Rxc2 50. Re8 1-0

[Event "XI MFSz PERLA BALTYKU"]
[Site "Lazy"]
[Date "2015.06.28"]
[Round "1.2"]
[White "Kowalski, Maciej"]
[Black "Mozharov, Mikhail"]
[Result "0-1"]
[WhiteElo "2107"]
[BlackElo "2564"]
[PlyCount "72"]
[EventDate "2015.??.??"]

1. e4 c5 2. Ne2 Nc6 3. d4 cxd4 4. Nxd4 e6 5. Nc3 a6 6. Be3 Qc7 7. Nxc6 bxc6 8.
Na4 Rb8 9. Bd3 Nf6 10. O-O d5 11. Nc5 Bd6 12. h3 a5 13. b3 Qe7 14. Na4 dxe4 15.
Be2 Nd5 16. Bd2 Qc7 17. Qe1 Ra8 18. c4 Nb4 19. c5 Bh2+ 20. Kh1 Be5 21. Rc1 Nd5
22. Bc4 f5 23. Bxd5 exd5 24. Nb6 Rb8 25. Bxa5 Qe7 26. Nxc8 Rxc8 27. b4 O-O 28.
a4 Rf6 29. Bb6 Rg6 30. Qe2 Qg5 31. Rg1 Qf4 32. g3 Qh6 33. Qf1 f4 34. Kh2 Rf8
35. Qe2 fxg3+ 36. fxg3 Rf3 0-1

[Event "XI MFSz PERLA BALTYKU"]
[Site "Lazy"]
[Date "2015.06.28"]
[Round "1.3"]
[White "Stupak, Kirill"]
[Black "Kowalski, Igor"]
[Result "1-0"]
[WhiteElo "2552"]
[BlackElo "2106"]
[PlyCount "133"]
[EventDate "2015.??.??"]

1. d4 Nf6 2. g3 e6 3. Bg2 c5 4. Nf3 d5 5. O-O Nc6 6. c4 dxc4 7. Ne5 Nxe5 8.
dxe5 Nd5 9. e4 Nb6 10. Qxd8+ Kxd8 11. Rd1+ Kc7 12. Na3 Bd7 13. Be3 Ba4 14. Rdc1
Bc6 15. Bd2 a5 16. f3 Be7 17. Bf1 Rhd8 18. Be3 Nd7 19. Nxc4 b5 20. Nd6 Bxd6 21.
exd6+ Kxd6 22. Rc2 c4 23. a4 Ke7 24. axb5 Bxb5 25. f4 Nf6 26. Bxc4 Bxc4 27.
Rxc4 Rd3 28. Re1 a4 29. Bc5+ Ke8 30. Re2 h5 31. Kg2 h4 32. gxh4 Rc8 33. Rec2
Nh5 34. e5 Rd5 35. Be3 Rxc4 36. Rxc4 Rd3 37. Bc1 Rd1 38. Kf3 f5 39. Be3 Rb1 40.
Bc1 Ra1 41. Ke3 Kd7 42. Kd3 g6 43. Kc2 Ng7 44. Rc3 Ke7 45. Rc7+ Kf8 46. Ra7 Kg8
47. Bd2 Nh5 48. Bc1 Ng7 49. Ra6 Kf7 50. Ra8 Ne8 51. Kd1 Ng7 52. b3 a3 53. Ra7+
Kf8 54. Kc2 Ra2+ 55. Kc3 Rxh2 56. Bxa3+ Kg8 57. Be7 Nh5 58. Bg5 Ng3 59. b4 Ne4+
60. Kb3 Rh3+ 61. Kc4 Rc3+ 62. Kb5 Rc1 63. Kb6 Nc3 64. b5 Nd5+ 65. Kb7 Rb1 66.
Kc6 Rc1+ 67. Kd6 1-0

[Event "XI MFSz PERLA BALTYKU"]
[Site "Lazy"]
[Date "2015.06.28"]
[Round "1.4"]
[White "Sliwicki, Damian"]
[Black "Shishkin, Vadim"]
[Result "0-1"]
[WhiteElo "2100"]
[BlackElo "2507"]
[PlyCount "58"]
[EventDate "2015.??.??"]

1. e4 c5 2. Nc3 Nc6 3. Bb5 Nd4 4. Bc4 e6 5. Nf3 a6 6. d3 b5 7. Bb3 Nxb3 8. axb3
Bb7 9. O-O d6 10. Re1 Nf6 11. Ne2 g6 12. Bf4 e5 13. Bg5 Be7 14. Bxf6 Bxf6 15.
Nc3 O-O 16. Nd2 Bg7 17. Nf1 f5 18. Ne3 f4 19. Nf1 f3 20. g3 Bh6 21. Nb1 Bc8 22.
Ne3 Ra7 23. Nd2 Raf7 24. c3 Qd7 25. Kh1 Qh3 26. Ndf1 Rf6 27. d4 Bxe3 28. Nxe3
g5 29. Rg1 Qxh2+ 0-1

[Event "XI MFSz PERLA BALTYKU"]
[Site "Lazy"]
[Date "2015.06.28"]
[Round "1.5"]
[White "Stremavicius, Titas"]
[Black "Woloch, Oskar"]
[Result "1-0"]
[WhiteElo "2442"]
[BlackElo "2092"]
[PlyCount "69"]
[EventDate "2015.??.??"]

1. c4 e5 2. Nc3 c5 3. g3 Nc6 4. Bg2 g6 5. a3 Bg7 6. Rb1 a5 7. Nf3 Nge7 8. O-O
O-O 9. Ne1 d6 10. Nc2 Be6 11. Nd5 Nd4 12. Nxe7+ Qxe7 13. Ne3 a4 14. Nd5 Qd8 15.
b4 Nb3 16. d3 Ra7 17. Be3 b6 18. Nc3 Qd7 19. bxc5 bxc5 20. Nxa4 Rxa4 21. Rxb3
Qa7 22. Bc1 Rc8 23. Rb7 Qa5 24. Qb3 Bf8 25. Bb2 Bh6 26. Rb6 Bf8 27. Rb1 Rc7 28.
Bc6 Rxc6 29. Rxc6 Qa8 30. Rb6 d5 31. Rb8 Qc6 32. Qb5 Qxb5 33. cxb5 d4 34. b6
Ra6 35. Bc1 1-0

[Event "XI MFSz PERLA BALTYKU"]
[Site "Lazy"]
[Date "2015.06.28"]
[Round "1.6"]
[White "Chomczyk, Marek"]
[Black "Fraczek, Daniel"]
[Result "1-0"]
[WhiteElo "2090"]
[BlackElo "2411"]
[PlyCount "131"]
[EventDate "2015.??.??"]

1. e4 c5 2. Nf3 e6 3. d4 cxd4 4. Nxd4 a6 5. Nc3 Qc7 6. Bd3 Bc5 7. Nb3 Be7 8.
O-O Nf6 9. f4 d6 10. Be3 Nc6 11. Na4 Nd7 12. Qg4 b5 13. Nc3 g6 14. Rae1 Bb7 15.
Qh3 b4 16. Nd5 exd5 17. exd5 Nce5 18. fxe5 dxe5 19. Bh6 Bxd5 20. Kh1 Rg8 21.
Bd2 h5 22. c3 f5 23. cxb4 e4 24. Rc1 Qb6 25. Bc4 Bxc4 26. Rxc4 Ne5 27. Rd4 Rd8
28. Rxd8+ Qxd8 29. Qc3 Qd3 30. Qc1 Qc4 31. Qd1 Kf7 32. Bc3 Rd8 33. Nd2 Qd5 34.
Qa4 Bf6 35. Qxa6 Ra8 36. Qe2 Nd7 37. a3 Bxc3 38. bxc3 Kg7 39. Rd1 Ne5 40. Nb1
Nd3 41. Kg1 h4 42. Qe3 Qb3 43. Rf1 Re8 44. Qd4+ Kf7 45. Nd2 Qe6 46. a4 h3 47.
gxh3 g5 48. Nxe4 Qxe4 49. Qxe4 Rxe4 50. Rxf5+ Kg6 51. Rf3 Re1+ 52. Rf1 Re2 53.
a5 Ra2 54. Kh1 Ne5 55. Kg1 Nc4 56. h4 g4 57. Rf4 Ne5 58. Rf2 Ra3 59. Rc2 Nc4
60. Kf2 Kf5 61. Kg3 Ne3 62. Rf2+ Ke4 63. h5 Rxc3 64. Kh4 Rb3 65. Kg5 Rxb4 66.
Rf4+ 1-0

[Event "XI MFSz PERLA BALTYKU"]
[Site "Lazy"]
[Date "2015.06.28"]
[Round "1.7"]
[White "Lewtak, Damian"]
[Black "Mazalon, Mariusz"]
[Result "1-0"]
[WhiteElo "2325"]
[BlackElo "2058"]
[PlyCount "55"]
[EventDate "2015.??.??"]

1. e4 c5 2. Nf3 d6 3. d4 cxd4 4. Qxd4 Nc6 5. Bb5 Bd7 6. Bxc6 Bxc6 7. Nc3 Nf6 8.
Bg5 e6 9. O-O-O Be7 10. Qd3 h6 11. Bxf6 Bxf6 12. Nd4 O-O 13. f4 Qb6 14. Rhe1
Rfd8 15. g3 Rac8 16. Kb1 e5 17. Nxc6 bxc6 18. b3 Qb4 19. Na4 Rb8 20. Nb2 d5 21.
c3 Qa5 22. Qc2 dxe4 23. f5 e3 24. Nc4 Qc5 25. Qe4 Rd4 26. cxd4 Qxc4 27. Rxe3
exd4 28. Qe8+ 1-0

[Event "XI MFSz PERLA BALTYKU"]
[Site "Lazy"]
[Date "2015.06.28"]
[Round "1.8"]
[White "Filewicz, Przemyslaw"]
[Black "Rudolf, Michal"]
[Result "0-1"]
[WhiteElo "2052"]
[BlackElo "2322"]
[PlyCount "100"]
[EventDate "2015.??.??"]

1. d4 Nf6 2. c4 e6 3. Nc3 Bb4 4. e3 b6 5. Nge2 Ba6 6. a3 Bxc3+ 7. Nxc3 d5 8.
Qa4+ Qd7 9. Qxd7+ Kxd7 10. cxd5 exd5 11. Bxa6 Nxa6 12. O-O Rhe8 13. b4 c6 14.
Bb2 Ne4 15. b5 Nxc3 16. bxc6+ Ke6 17. Bxc3 Rec8 18. f3 Rxc6 19. Be1 Rac8 20.
Bf2 Rc2 21. e4 Rb2 22. Rac1 Rxc1 23. Rxc1 Ra2 24. Bg3 dxe4 25. fxe4 Rxa3 26.
d5+ Kd7 27. Rc6 Nc5 28. Rc7+ Kd8 29. Rxf7 Nxe4 30. Be5 Rd3 31. h3 Rxd5 32. Bxg7
Rd7 33. Rf8+ Kc7 34. Be5+ Kc6 35. g4 Kd5 36. Bh8 b5 37. Rb8 Kc4 38. h4 b4 39.
g5 a5 40. Ra8 Rd5 41. Ra7 Nxg5 42. hxg5 Rxg5+ 43. Kf2 h5 44. Ke3 Kb3 45. Bf6
Rg6 46. Be7 a4 47. Kd4 a3 48. Kc5 a2 49. Bd6 Rxd6 50. Kxd6 Kb2 0-1

[Event "XI MFSz PERLA BALTYKU"]
[Site "Lazy"]
[Date "2015.06.28"]
[Round "1.9"]
[White "Eggink, Ryszard"]
[Black "Smieszek, Wojciech"]
[Result "1/2-1/2"]
[WhiteElo "2316"]
[BlackElo "2035"]
[PlyCount "63"]
[EventDate "2015.??.??"]

1. c4 e6 2. Nf3 d5 3. d4 c6 4. e3 f5 5. Ne5 Nf6 6. Nd2 Bd6 7. Ndf3 O-O 8. Be2
Nbd7 9. O-O Ne4 10. b3 Rf6 11. Nxd7 Bxd7 12. Ne5 Rh6 13. g3 Bxe5 14. dxe5 Qg5
15. Bf3 Be8 16. Qc2 Rd8 17. cxd5 Rxd5 18. Bxe4 fxe4 19. f3 Qxe5 20. fxe4 Rd7
21. Bb2 Qg5 22. Bd4 Rh5 23. b4 h6 24. Rf4 e5 25. Rf5 Qg4 26. Bxe5 Rxf5 27. exf5
Rd5 28. Bf4 Qxf5 29. e4 Qg6 30. Re1 Rd4 31. a3 Bf7 32. Qe2 1/2-1/2

[Event "XI MFSz PERLA BALTYKU"]
[Site "Lazy"]
[Date "2015.06.28"]
[Round "1.10"]
[White "Sciborowski, Miroslaw"]
[Black "Niekras, Dawid"]
[Result "1/2-1/2"]
[WhiteElo "2029"]
[BlackElo "2276"]
[PlyCount "77"]
[EventDate "2015.??.??"]

1. d4 Nf6 2. Nf3 g6 3. g3 Bg7 4. Bg2 O-O 5. O-O d6 6. a4 Nc6 7. b3 Bg4 8. Bb2
Bxf3 9. Bxf3 Nd7 10. c4 e5 11. dxe5 Ndxe5 12. Bg2 h5 13. Nc3 h4 14. Nd5 hxg3
15. hxg3 Re8 16. Rb1 a5 17. e4 Nd7 18. f4 Nc5 19. f5 Ne5 20. f6 Bh8 21. Bc1 c6
22. Ne7+ Rxe7 23. fxe7 Qxe7 24. Be3 Ne6 25. Bf3 c5 26. Qd2 Nd4 27. Bd1 Nd7 28.
Bxd4 Bxd4+ 29. Kg2 Bg7 30. Bf3 Ne5 31. Rbd1 Bf8 32. Qd5 Re8 33. Rf2 Kg7 34. Rh1
Kg8 35. Bd1 Bg7 36. Rhf1 Qc7 37. Rd2 Bf8 38. Rdf2 Re7 39. Rf6 1/2-1/2

[Event "XI MFSz PERLA BALTYKU"]
[Site "Lazy"]
[Date "2015.06.28"]
[Round "1.11"]
[White "Lewicki, Miroslaw"]
[Black "Januszkiewicz, Wojciech"]
[Result "1/2-1/2"]
[WhiteElo "2224"]
[BlackElo "2025"]
[PlyCount "29"]
[EventDate "2015.??.??"]

1. e4 c5 2. Nf3 d6 3. d4 cxd4 4. Nxd4 Nf6 5. Nc3 g6 6. Be2 Bg7 7. O-O Nc6 8.
Nb3 O-O 9. Be3 Be6 10. f4 Rc8 11. g4 Na5 12. Bd4 Nc6 13. Be3 Na5 14. Bd4 Nc6
15. Be3 1/2-1/2

[Event "XI MFSz PERLA BALTYKU"]
[Site "Lazy"]
[Date "2015.06.28"]
[Round "1.12"]
[White "Nowicki, Bartosz"]
[Black "Mulet, Piotr"]
[Result "1-0"]
[WhiteElo "2018"]
[BlackElo "2220"]
[PlyCount "69"]
[EventDate "2015.??.??"]

1. e4 e6 2. d4 d5 3. Nd2 Nf6 4. e5 Nfd7 5. Bd3 c5 6. c3 Nc6 7. Ngf3 g6 8. O-O
Bg7 9. Re1 O-O 10. Nf1 cxd4 11. cxd4 Qb6 12. Bc2 f6 13. exf6 Nxf6 14. b3 Ng4
15. Bb2 e5 16. Ne3 exd4 17. Nxd5 Qd8 18. b4 Kh8 19. Bb3 Qd6 20. h3 Nxf2 21.
Kxf2 Bxh3 22. Rh1 Bg4 23. Rh4 Bh5 24. Rxh5 gxh5 25. Kg1 Qg3 26. Qd3 Qg6 27.
Qxg6 hxg6 28. Nc7 Rac8 29. Ne6 Rfe8 30. Nxg7 Kxg7 31. Nxd4 Kh7 32. Nxc6 Re2 33.
Nxa7 Rd8 34. Bc3 Rd3 35. Bc4 1-0

[Event "XI MFSz PERLA BALTYKU"]
[Site "Lazy"]
[Date "2015.06.28"]
[Round "1.13"]
[White "Mielczarski, Miroslaw"]
[Black "Sliwicka, Alicja"]
[Result "1-0"]
[WhiteElo "2191"]
[BlackElo "2015"]
[PlyCount "73"]
[EventDate "2015.??.??"]

1. d4 d5 2. Nf3 Nf6 3. c4 e6 4. Nc3 Bb4 5. e3 O-O 6. Bd3 dxc4 7. Bxc4 c5 8. O-O
Bxc3 9. bxc3 Qc7 10. Qe2 b6 11. Ne5 Bb7 12. f3 Rd8 13. Ba3 Nbd7 14. Nxd7 Nxd7
15. e4 e5 16. d5 a6 17. Bb3 b5 18. c4 b4 19. Bb2 a5 20. Ba4 Nb6 21. Bb5 a4 22.
f4 Qe7 23. Rae1 Ba6 24. Bxa6 Rxa6 25. Bxe5 f6 26. Ba1 Rf8 27. e5 f5 28. e6 Nc8
29. Rf3 Ra7 30. Rg3 g6 31. Qe5 Qg7 32. d6 Qxe5 33. Bxe5 Rd8 34. d7 Ne7 35. Bd6
Kf8 36. Bxc5 Rb7 37. Rb1 1-0

[Event "XI MFSz PERLA BALTYKU"]
[Site "Lazy"]
[Date "2015.06.28"]
[Round "1.14"]
[White "Kubicka, Anna"]
[Black "Eggink, Mateusz"]
[Result "1-0"]
[WhiteElo "2014"]
[BlackElo "2177"]
[PlyCount "57"]
[EventDate "2015.??.??"]

1. e4 c5 2. Nf3 e6 3. d3 Nc6 4. c3 d5 5. Nbd2 Nge7 6. Be2 Ng6 7. O-O Be7 8. Re1
O-O 9. Bf1 d4 10. g3 e5 11. c4 Bg4 12. a3 Qd7 13. Bg2 h5 14. h4 f5 15. exf5
Qxf5 16. Qe2 Rf7 17. Qf1 Raf8 18. Nh2 Qxf2+ 19. Qxf2 Rxf2 20. Bd5+ Kh8 21. Nxg4
hxg4 22. h5 Nh4 23. gxh4 Bxh4 24. Rf1 g3 25. Bg2 Na5 26. b4 Bg5 27. bxa5 Be3
28. Nf3 R2xf3+ 29. Bxe3 1-0

[Event "XI MFSz PERLA BALTYKU"]
[Site "Lazy"]
[Date "2015.06.28"]
[Round "1.15"]
[White "Krainski, Aleksander"]
[Black "Kicinski, Jacek"]
[Result "1-0"]
[WhiteElo "2165"]
[BlackElo "2006"]
[PlyCount "99"]
[EventDate "2015.??.??"]

1. Nf3 d5 2. g3 Nf6 3. Bg2 g6 4. O-O Bg7 5. d3 O-O 6. Nbd2 c6 7. e4 dxe4 8.
dxe4 Bg4 9. h3 Bxf3 10. Qxf3 Nbd7 11. Qe2 e6 12. Nc4 Nb6 13. Rd1 Qe7 14. Na5
Rfd8 15. Bd2 Rd7 16. e5 Ne8 17. b3 Rad8 18. Bc3 Rxd1+ 19. Rxd1 Rxd1+ 20. Qxd1
Nd5 21. Bb2 Qc7 22. Qe1 Bf8 23. a3 b6 24. Nc4 b5 25. Nd2 Qa5 26. Nf3 Qb6 27.
Qe2 Qa6 28. c4 bxc4 29. Qxc4 Qxc4 30. bxc4 Nb6 31. Bf1 Na4 32. Bc1 Bc5 33. Bd3
Kf8 34. Kf1 Ke7 35. Ke2 f6 36. exf6+ Nxf6 37. Bg5 Bxa3 38. Ne5 c5 39. Nc6+ Kf7
40. Nxa7 Nc3+ 41. Kf3 e5 42. Kg2 Nfe4 43. Be3 Nd6 44. Bd2 Na4 45. Nb5 Nxb5 46.
cxb5 Ke6 47. Ba5 Bb4 48. Bc7 Kd7 49. b6 Ba5 50. Bb5+ 1-0

[Event "XI MFSz PERLA BALTYKU"]
[Site "Lazy"]
[Date "2015.06.28"]
[Round "1.16"]
[White "Karwowski, Kacper"]
[Black "Lewtak, Dominik"]
[Result "1/2-1/2"]
[WhiteElo "2003"]
[BlackElo "2153"]
[PlyCount "137"]
[EventDate "2015.??.??"]

1. e4 c5 2. Nf3 Nc6 3. c3 Nf6 4. e5 Nd5 5. d4 cxd4 6. cxd4 d6 7. exd6 Qxd6 8.
Nc3 Bg4 9. Be2 e6 10. O-O Be7 11. Qb3 O-O 12. Nxd5 exd5 13. Qxb7 Rab8 14. Qa6
Bxf3 15. Bxf3 Nxd4 16. Qxd6 Nxf3+ 17. gxf3 Bxd6 18. Rd1 Rfd8 19. Be3 a6 20. b3
Be5 21. Bd4 f6 22. Rac1 Rd6 23. Rc7 Bxd4 24. Rxd4 Rbd8 25. Kf1 R8d7 26. Rc5 Kf7
27. Ra5 Ke6 28. Rda4 Ra7 29. Ke2 g5 30. b4 Ke5 31. Ra3 Rb7 32. Re3+ Kd4 33.
Rd3+ Kc4 34. Rc5+ Kxb4 35. Rdxd5 Rxd5 36. Rxd5 a5 37. Rd6 f5 38. f4 gxf4 39.
Rd3 Ka4 40. Kf3 Rb2 41. Rd4+ Ka3 42. Rxf4 Rb5 43. Rh4 Rb7 44. Rf4 a4 45. Rxf5
Kxa2 46. Ra5 a3 47. Ke4 Rb4+ 48. Ke5 Rh4 49. f4 Rxh2 50. f5 Kb2 51. Ra7 a2 52.
Rb7+ Kc1 53. Rc7+ Kb1 54. Rb7+ Kc2 55. Ra7 Re2+ 56. Kf4 Kb2 57. Rb7+ Kc3 58.
Ra7 h6 59. Kf3 Rd2 60. f6 Kb2 61. f7 Rd1 62. Ke2 Rd8 63. Rb7+ Ka1 64. Kf2 h5
65. Kg3 Rh8 66. Kh4 Ra8 67. Kxh5 Rh8+ 68. Kg6 Rh6+ 69. Kxh6 1/2-1/2

[Event "XI MFSz PERLA BALTYKU"]
[Site "Lazy"]
[Date "2015.06.28"]
[Round "1.17"]
[White "Miturova, Magdalena"]
[Black "Kokoszczynski, Jan"]
[Result "1-0"]
[WhiteElo "2149"]
[BlackElo "1988"]
[PlyCount "55"]
[EventDate "2015.??.??"]

1. e4 e6 2. d4 d5 3. e5 Bd7 4. Nf3 a6 5. c4 dxc4 6. Bxc4 Bb5 7. Bb3 Bb4+ 8. Nc3
Ne7 9. a3 Ba5 10. a4 Bc6 11. O-O Bb6 12. Bg5 h6 13. Bxe7 Qxe7 14. d5 exd5 15.
Nxd5 Bxd5 16. Qxd5 Nc6 17. Rae1 Rd8 18. Qe4 Qb4 19. Qxb4 Nxb4 20. e6 Nd5 21.
Ne5 fxe6 22. Ng6 Rg8 23. Rxe6+ Kf7 24. Rxb6 cxb6 25. Nf4 Kf6 26. Nxd5+ Kg5 27.
f4+ Kh5 28. Bd1+ 1-0

[Event "XI MFSz PERLA BALTYKU"]
[Site "Lazy"]
[Date "2015.06.28"]
[Round "1.18"]
[White "Antolak, Julia"]
[Black "Pilzak, Marcin"]
[Result "0-1"]
[WhiteElo "1987"]
[BlackElo "2145"]
[PlyCount "126"]
[EventDate "2015.??.??"]

1. e4 e6 2. d4 d5 3. Nd2 c5 4. exd5 exd5 5. Ngf3 Nf6 6. Be2 Be7 7. dxc5 Bxc5 8.
O-O O-O 9. Nb3 Bb6 10. Bg5 Nc6 11. c3 Re8 12. Bd3 Bg4 13. Nbd2 h6 14. Bh4 g5
15. Bg3 Ne4 16. Kh1 Rc8 17. Qb1 Bxf3 18. Nxf3 g4 19. Bxe4 dxe4 20. Nh4 Qf6 21.
Qd1 Qe6 22. Qb3 Ne5 23. Qxe6 Rxe6 24. Nf5 Nd3 25. Nd6 Rxd6 26. Bxd6 Nxf2+ 27.
Kg1 Nh3+ 28. Kh1 Nf2+ 29. Kg1 e3 30. Rfe1 e2 31. Rxe2 Ne4+ 32. Kf1 Nxd6 33. Rd1
Nf5 34. Rd7 Kg7 35. Rxb7 Rd8 36. Re5 Kf6 37. Rxf5+ Kxf5 38. Rxf7+ Ke6 39. Rh7
Rd2 40. Rxh6+ Kf5 41. b4 Rc2 42. a4 Rxc3 43. a5 Bd4 44. b5 Ke4 45. Re6+ Kd3 46.
b6 Be3 47. Rd6+ Bd4 48. Re6 axb6 49. axb6 Rc1+ 50. Re1 Rc6 51. Rd1+ Ke4 52. g3
Rxb6 53. Kg2 Rb2+ 54. Kh1 Be3 55. Rf1 Kd3 56. Rd1+ Ke2 57. Ra1 Kf3 58. Rf1+ Bf2
59. Ra1 Re2 60. Rb1 Be1 61. Rb3+ Kf2 62. Rb8 Bb4 63. h3 Kxg3 0-1

[Event "XI MFSz PERLA BALTYKU"]
[Site "Lazy"]
[Date "2015.06.28"]
[Round "1.19"]
[White "Chylewski, Patryk"]
[Black "Szustakowski, Antoni"]
[Result "0-1"]
[WhiteElo "2131"]
[BlackElo "1983"]
[PlyCount "112"]
[EventDate "2015.??.??"]

1. d4 d5 2. c4 e6 3. Nc3 Nf6 4. cxd5 exd5 5. Bg5 Be7 6. e3 O-O 7. Bd3 Nbd7 8.
Qc2 c6 9. Nge2 Re8 10. f3 Nf8 11. O-O Be6 12. Rad1 h6 13. Bh4 Qd7 14. Bf2 Rac8
15. e4 dxe4 16. fxe4 Red8 17. Nf4 Bg4 18. Rd2 Ne6 19. Nxe6 Bxe6 20. Qb1 Kh8 21.
Kh1 Qe8 22. Re1 Qf8 23. Bg1 Ne8 24. Rf1 Bg5 25. Rdd1 Qg8 26. Be2 Nc7 27. Bf3
Bc4 28. Rfe1 Bf6 29. b3 Be6 30. Na4 Be7 31. d5 cxd5 32. exd5 b5 33. Nb2 Bb4 34.
dxe6 Bxe1 35. Rxe1 Nxe6 36. Bxa7 Nd4 37. Bg4 f5 38. Bxd4 fxg4 39. Be5 Qf7 40.
Qe4 Re8 41. Nd3 Rcd8 42. Nf4 Kg8 43. g3 g5 44. Ng2 Rd5 45. Kg1 Rdxe5 46. Qxe5
Rxe5 47. Rxe5 Qa7+ 48. Ne3 Qd4 49. Re6 Qa1+ 50. Nf1 Qxa2 51. Re3 Kg7 52. Rc3 b4
53. Rc7+ Kf6 54. Rc6+ Ke7 55. Rxh6 Qxb3 56. Rh7+ Kf6 0-1

[Event "XI MFSz PERLA BALTYKU"]
[Site "Lazy"]
[Date "2015.06.28"]
[Round "1.20"]
[White "Wacior, Maciej"]
[Black "Snihur, Piotr"]
[Result "1/2-1/2"]
[WhiteElo "1921"]
[BlackElo "2124"]
[PlyCount "143"]
[EventDate "2015.??.??"]

1. d4 Nf6 2. Nf3 e6 3. Bf4 c5 4. e3 b6 5. Bd3 Bb7 6. h3 Be7 7. O-O O-O 8. c3 d6
9. Bh2 Nbd7 10. Nbd2 Qc7 11. Rc1 Rfe8 12. b4 e5 13. Ne1 Rac8 14. bxc5 bxc5 15.
dxe5 dxe5 16. Qc2 Qc6 17. Rb1 Ba8 18. Bb5 Qc7 19. Nef3 Bf8 20. Rfd1 Re7 21. Ba6
Rb8 22. Rxb8 Qxb8 23. Rb1 Qc7 24. Qb2 Re8 25. Bc4 Nb6 26. Bb5 Re6 27. Ng5 Re7
28. Bc4 Qd7 29. Bf1 e4 30. h4 Bc6 31. Nc4 Nxc4 32. Bxc4 h6 33. Nxf7 Rxf7 34.
Bxf7+ Qxf7 35. Rd1 Qb7 36. Qa3 Be7 37. c4 Nd7 38. Bg3 Nb6 39. Qc3 Be8 40. Be5
Bxh4 41. g3 Bg5 42. Qa3 Be7 43. Qb2 Bh5 44. Rc1 Bg5 45. a4 Qe7 46. a5 Nd7 47.
Bc7 Bf3 48. Kf1 Qe6 49. Qb7 a6 50. Qd5 Bg4 51. Bd6 Bd8 52. Bxc5 Qxd5 53. cxd5
Bxa5 54. Bd4 Bb4 55. Rc8+ Kf7 56. Ra8 a5 57. Ra7 g5 58. Bb6 h5 59. Bxa5 Bxa5
60. Rxa5 Kf6 61. Kg2 Ke5 62. Ra6 Nf6 63. d6 h4 64. Ra5+ Nd5 65. gxh4 gxh4 66.
Ra8 Kxd6 67. Rh8 h3+ 68. Rxh3 Bxh3+ 69. Kxh3 Ke5 70. Kg2 Kf5 71. Kg3 Ke5 72. f3
1/2-1/2

[Event "XI MFSz PERLA BALTYKU"]
[Site "Lazy"]
[Date "2015.06.28"]
[Round "1.21"]
[White "Nowak, Kamil"]
[Black "Szewczak, Andrzej"]
[Result "1-0"]
[WhiteElo "2123"]
[BlackElo "1887"]
[PlyCount "131"]
[EventDate "2015.??.??"]

1. e4 e5 2. Nf3 Nc6 3. Bb5 Bc5 4. O-O d6 5. h3 a6 6. Bxc6+ bxc6 7. c3 Bb6 8. d4
Qe7 9. dxe5 dxe5 10. Na3 f6 11. Nc4 Ba7 12. b3 Be6 13. Qe2 Qf7 14. Ne3 Bb6 15.
Ba3 Ne7 16. Rfd1 O-O 17. Rd2 a5 18. c4 Bxe3 19. Qxe3 Rfe8 20. Ne1 a4 21. Nd3
axb3 22. axb3 Rad8 23. Nc5 Bc8 24. Rad1 Rxd2 25. Qxd2 Ng6 26. Qd3 Nf4 27. Qf3
Qg6 28. Kh2 h5 29. Qg3 Qxg3+ 30. Kxg3 Ne2+ 31. Kh2 Nd4 32. Kg1 Kf7 33. Kf1 Be6
34. Rd3 Rb8 35. Kg1 h4 36. f3 Ra8 37. Bb2 Ne2+ 38. Kf2 Nf4 39. Rd2 Rb8 40. Bc3
Ke7 41. Ba5 Rc8 42. Kg1 g5 43. Rc2 Nh5 44. b4 Ng7 45. Na6 Ne8 46. b5 Nd6 47.
Bb4 Kd7 48. Nc5+ Ke7 49. Nb7 Bd7 50. b6 Ke8 51. Bxd6 Rb8 52. Bxc7 Rxb7 53. c5
Be6 54. Rd2 Bd7 55. Rd6 Ke7 56. Kf2 Be8 57. Ke3 Bd7 58. Kd2 f5 59. exf5 Bxf5
60. Rxc6 e4 61. Ke3 exf3 62. Kxf3 Be6 63. Rxe6+ Kxe6 64. c6 g4+ 65. Kxg4 Rxc7
66. bxc7 1-0

[Event "XI MFSz PERLA BALTYKU"]
[Site "Lazy"]
[Date "2015.06.28"]
[Round "1.22"]
[White "Kaczmarska, Joanna"]
[Black "Nowak, Lukasz"]
[Result "0-1"]
[WhiteElo "1876"]
[BlackElo "2116"]
[PlyCount "98"]
[EventDate "2015.??.??"]

1. d4 Nf6 2. c4 e6 3. Nc3 Bb4 4. f3 c5 5. a3 Bxc3+ 6. bxc3 Nc6 7. e3 O-O 8. Bd3
b6 9. e4 cxd4 10. cxd4 e5 11. d5 Ne7 12. f4 d6 13. f5 Ba6 14. Be3 b5 15. c5
Nexd5 16. exd5 Nxd5 17. Bf2 Nf4 18. Ne2 Qa5+ 19. Kf1 Nxd3 20. Qxd3 b4 21. Qe4
b3 22. Be1 b2 23. Rb1 Qxa3 24. Bb4 Qb3 25. Kf2 d5 26. Qg4 f6 27. Bd2 d4 28.
Nxd4 exd4 29. Qxd4 Rad8 30. Qc3 Qb5 31. Rhe1 Rd3 32. Qxb2 Qxc5+ 33. Be3 Qxf5+
34. Kg1 Bc4 35. Qc2 Qd5 36. Qf2 a5 37. Bf4 a4 38. Qa7 a3 39. Rb7 Qd4+ 40. Be3
Qxa7 41. Rxa7 Re8 42. Kf2 a2 43. Ra4 Bb3 44. Ra3 f5 45. g3 g5 46. Ra7 Bf7 47.
Re2 Rd1 48. Bxg5 Rxe2+ 49. Kxe2 a1=Q 0-1

[Event "XI MFSz PERLA BALTYKU"]
[Site "Lazy"]
[Date "2015.06.28"]
[Round "1.23"]
[White "Zebracki, Tomasz"]
[Black "Laszczak, Przemyslaw"]
[Result "1-0"]
[WhiteElo "2114"]
[BlackElo "1821"]
[PlyCount "53"]
[EventDate "2015.??.??"]

1. e4 c6 2. c4 d5 3. exd5 cxd5 4. cxd5 Nf6 5. Qa4+ Nbd7 6. Nc3 g6 7. Bc4 Bg7 8.
Nf3 O-O 9. d3 Nb6 10. Qb3 a6 11. O-O Nbd7 12. a4 b6 13. Be3 Bb7 14. Rac1 Rc8
15. Ne4 Ng4 16. Bd2 f5 17. d6+ Kh8 18. dxe7 Qxe7 19. Bg5 Bf6 20. Nxf6 Ngxf6 21.
Rfe1 Qd6 22. Re6 Qc5 23. Qc3 Kg7 24. b4 Qc7 25. Re7+ Kh8 26. Bxf6+ Rxf6 27. Ng5
1-0

[Event "XI MFSz PERLA BALTYKU"]
[Site "Lazy"]
[Date "2015.06.28"]
[Round "1.24"]
[White "Przerwa, Waldemar"]
[Black "Karpus, Michal"]
[Result "0-1"]
[WhiteElo "1763"]
[BlackElo "2114"]
[PlyCount "128"]
[EventDate "2015.??.??"]

1. d4 Nf6 2. Nc3 d5 3. Bg5 c6 4. Nf3 Nbd7 5. e3 g6 6. Bd3 Bg7 7. O-O O-O 8. e4
dxe4 9. Nxe4 Nxe4 10. Bxe4 Nf6 11. Bd3 Bg4 12. Re1 Bxf3 13. gxf3 Qxd4 14. Rxe7
Rab8 15. c3 Qc5 16. Bxf6 Bxf6 17. Re4 Rfe8 18. Rg4 Rbd8 19. Qc2 Qh5 20. Kg2 Re5
21. Rd1 Red5 22. h3 Bh4 23. Be2 Rxd1 24. Bxd1 Bg5 25. Rd4 Rxd4 26. cxd4 Bf6 27.
Qe4 Qg5+ 28. Qg4 Qd2 29. Bb3 Bxd4 30. Qg3 Qxb2 31. h4 Kg7 32. h5 Qd2 33. Qh4
Bf6 34. Qc4 Qd7 35. hxg6 hxg6 36. a4 b5 37. Qb4 Bd4 38. Kg1 a6 39. Kg2 Qd8 40.
axb5 cxb5 41. f4 Qa8+ 42. f3 Qd8 43. Bc2 Qf6 44. Kg3 Bb6 45. Bd3 Qa1 46. Qd6
Qg1+ 47. Kh3 Bd4 48. f5 Qe3 49. Be4 gxf5 50. Qg3+ Kf6 51. Qh4+ Ke6 52. Bb7 a5
53. Qd8 Bb6 54. Qd5+ Kf6 55. Qxb5 Qd4 56. Qe8 a4 57. Qh8+ Ke7 58. Qxd4 Bxd4 59.
Bd5 f6 60. Kg2 Kd6 61. Bf7 Kc5 62. Kf1 Kb4 63. Ke2 Kc3 64. Kd1 Kb2 0-1